<?xml version="1.0" encoding="UTF-8"?>
<record
    xmlns:xsi="http://www.w3.org/2001/XMLSchema-instance"
    xsi:schemaLocation="http://www.loc.gov/MARC21/slim http://www.loc.gov/standards/marcxml/schema/MARC21slim.xsd"
    xmlns="http://www.loc.gov/MARC21/slim">

  <leader>00695nam a22001577a 4500</leader>
  <controlfield tag="003">LRUA</controlfield>
  <controlfield tag="005">20200513142941.0</controlfield>
  <controlfield tag="008">200513b        xxu||||| |||| 00| 0 eng d</controlfield>
  <datafield tag="040" ind1=" " ind2=" ">
    <subfield code="c">RUA</subfield>
  </datafield>
  <datafield tag="082" ind1=" " ind2=" ">
    <subfield code="a">AGR SOU 2018 B663 Or.1</subfield>
  </datafield>
  <datafield tag="100" ind1=" " ind2=" ">
    <subfield code="9">14250</subfield>
    <subfield code="a">SOUN KAMSAN &#x179F;&#x17BC;&#x178F; &#x179C;&#x178E;&#x17D2;&#x178E;&#x17B6;</subfield>
  </datafield>
  <datafield tag="245" ind1=" " ind2=" ">
    <subfield code="a">&#x1794;&#x17D2;&#x179A;&#x179F;&#x17B7;&#x1791;&#x17D2;&#x1792;&#x1797;&#x17B6;&#x1796;&#x1793;&#x17C3;&#x1780;&#x17B6;&#x179A;&#x1794;&#x17D2;&#x179A;&#x17BE;&#x1794;&#x17D2;&#x179A;&#x17B6;&#x179F;&#x17CB;&#x178F;&#x17C2;&#x1780;&#x17C6;&#x1794;&#x17C9;&#x17BB;&#x179F;&#x17D2;&#x1796;&#x17B7;&#x17CD;&#x179B;&#x17BE;&#x178A;&#x17C6;&#x178E;&#x17B6;&#x17C6;&#x1781;&#x17B6;&#x178F;&#x17CB;&#x178E;&#x17B6;&#x178A;&#x17BE;&#x1798; &#x1793;&#x17C5;&#x179F;&#x17D2;&#x179A;&#x17BB;&#x1780;&#x1781;&#x17D2;&#x179F;&#x17B6;&#x1785;&#x17CB;&#x1780;&#x178E;&#x17D2;&#x178F;&#x17B6;&#x179B; effect of using compost tea on chinese kale in ksach kandal district, kandal province</subfield>
  </datafield>
  <datafield tag="260" ind1=" " ind2=" ">
    <subfield code="a">RUA</subfield>
    <subfield code="b">Phnom penh</subfield>
    <subfield code="c">2018</subfield>
  </datafield>
  <datafield tag="300" ind1=" " ind2=" ">
    <subfield code="a">ix,45p</subfield>
    <subfield code="b">ill;</subfield>
    <subfield code="c">29cm</subfield>
  </datafield>
  <datafield tag="942" ind1=" " ind2=" ">
    <subfield code="2">ddc</subfield>
    <subfield code="c">AGR</subfield>
  </datafield>
  <datafield tag="999" ind1=" " ind2=" ">
    <subfield code="c">19200</subfield>
    <subfield code="d">19200</subfield>
  </datafield>
  <datafield tag="952" ind1=" " ind2=" ">
    <subfield code="0">0</subfield>
    <subfield code="1">0</subfield>
    <subfield code="2">ddc</subfield>
    <subfield code="4">0</subfield>
    <subfield code="6">AGR_SOU_2018_000000000000000_B663_OR_1</subfield>
    <subfield code="7">0</subfield>
    <subfield code="9">84290</subfield>
    <subfield code="a">LBB</subfield>
    <subfield code="b">LBB</subfield>
    <subfield code="c">B663</subfield>
    <subfield code="d">2020-05-13</subfield>
    <subfield code="o">AGR SOU 2018 B663 Or.1</subfield>
    <subfield code="p">A063669</subfield>
    <subfield code="r">2020-05-13</subfield>
    <subfield code="w">2020-05-13</subfield>
    <subfield code="y">AGR</subfield>
  </datafield>
  <datafield tag="952" ind1=" " ind2=" ">
    <subfield code="0">0</subfield>
    <subfield code="1">0</subfield>
    <subfield code="2">ddc</subfield>
    <subfield code="4">0</subfield>
    <subfield code="6">AGR_SOU_2018_000000000000000_B663_OR_2</subfield>
    <subfield code="7">0</subfield>
    <subfield code="9">84291</subfield>
    <subfield code="a">LBB</subfield>
    <subfield code="b">LBB</subfield>
    <subfield code="c">B663</subfield>
    <subfield code="d">2020-05-13</subfield>
    <subfield code="l">1</subfield>
    <subfield code="o">AGR SOU 2018 B663 Or.2</subfield>
    <subfield code="p">A063497</subfield>
    <subfield code="r">2022-08-08</subfield>
    <subfield code="s">2022-07-29</subfield>
    <subfield code="w">2020-05-13</subfield>
    <subfield code="y">AGR</subfield>
  </datafield>
  <datafield tag="952" ind1=" " ind2=" ">
    <subfield code="0">0</subfield>
    <subfield code="1">0</subfield>
    <subfield code="2">ddc</subfield>
    <subfield code="4">0</subfield>
    <subfield code="6">AGR_SOU_2018_000000000000000_B663_OR_3</subfield>
    <subfield code="7">0</subfield>
    <subfield code="9">84292</subfield>
    <subfield code="a">LBB</subfield>
    <subfield code="b">LBB</subfield>
    <subfield code="c">B663</subfield>
    <subfield code="d">2020-05-13</subfield>
    <subfield code="o">AGR SOU 2018 B663 Or.3</subfield>
    <subfield code="p">A063297</subfield>
    <subfield code="r">2020-05-13</subfield>
    <subfield code="w">2020-05-13</subfield>
    <subfield code="y">AGR</subfield>
  </datafield>
  <datafield tag="952" ind1=" " ind2=" ">
    <subfield code="0">0</subfield>
    <subfield code="1">0</subfield>
    <subfield code="2">ddc</subfield>
    <subfield code="4">0</subfield>
    <subfield code="6">AGR_SOU_2018_000000000000000_B663_OR_4</subfield>
    <subfield code="7">0</subfield>
    <subfield code="9">84293</subfield>
    <subfield code="a">LBB</subfield>
    <subfield code="b">LBB</subfield>
    <subfield code="c">B663</subfield>
    <subfield code="d">2020-05-13</subfield>
    <subfield code="l">3</subfield>
    <subfield code="o">AGR SOU 2018 B663 Or.4</subfield>
    <subfield code="p">A063237</subfield>
    <subfield code="r">2023-01-24</subfield>
    <subfield code="s">2022-12-26</subfield>
    <subfield code="w">2020-05-13</subfield>
    <subfield code="y">AGR</subfield>
  </datafield>
  <datafield tag="952" ind1=" " ind2=" ">
    <subfield code="0">0</subfield>
    <subfield code="1">0</subfield>
    <subfield code="2">ddc</subfield>
    <subfield code="4">0</subfield>
    <subfield code="6">AGR_SOU_2018_000000000000000_B663_OR_5</subfield>
    <subfield code="7">0</subfield>
    <subfield code="9">84294</subfield>
    <subfield code="a">LBB</subfield>
    <subfield code="b">LBB</subfield>
    <subfield code="c">B663</subfield>
    <subfield code="d">2020-05-13</subfield>
    <subfield code="l">1</subfield>
    <subfield code="o">AGR SOU 2018 B663 Or.5</subfield>
    <subfield code="p">A063833</subfield>
    <subfield code="r">2022-08-23</subfield>
    <subfield code="s">2022-08-22</subfield>
    <subfield code="w">2020-05-13</subfield>
    <subfield code="y">AGR</subfield>
  </datafield>
  <datafield tag="952" ind1=" " ind2=" ">
    <subfield code="0">0</subfield>
    <subfield code="1">0</subfield>
    <subfield code="2">ddc</subfield>
    <subfield code="4">0</subfield>
    <subfield code="6">AGR_SOU_2018_000000000000000_B663_OR_6</subfield>
    <subfield code="7">0</subfield>
    <subfield code="9">84295</subfield>
    <subfield code="a">LBB</subfield>
    <subfield code="b">LBB</subfield>
    <subfield code="c">B663</subfield>
    <subfield code="d">2020-05-13</subfield>
    <subfield code="o">AGR SOU 2018 B663 Or.6</subfield>
    <subfield code="p">A063893</subfield>
    <subfield code="r">2020-05-13</subfield>
    <subfield code="w">2020-05-13</subfield>
    <subfield code="y">AGR</subfield>
  </datafield>
</record>
